All Call Of Duty- Black Ops 2 maps - Statistics

General Stats
  • This quiz has been taken 1,652 times
  • The average score is 13 of 31
Answer Stats
Map % Correct
Nuketown 2025
92%
Raid
77%
Hijacked
73%
Standoff
72%
Aftermath
57%
Slums
57%
Yemen
56%
Carrier
51%
Turbine
48%
Studio
47%
Drone
46%
Plaza
44%
Cargo
42%
Express
42%
Meltdown
40%
Grind
38%
Overflow
32%
Magma
30%
Rush
29%
Pod
28%
Hydro
27%
Takeoff
27%
Vertigo
27%
Dig
25%
Cove
24%
Mirage
24%
Uplink
24%
Downhill
22%
Frost
20%
Encore
19%
Detour
17%
No matching quizzes found
Score Distribution
Percent of People with Each Score
Percentile by Number Answered
Your Score History
You have not taken this quiz